Missouri Football: Top 10 All-Time Leaders - Statistics

General Stats
  • This quiz has been taken 25 times
  • The average score is 15 of 63
Answer Stats
Category # Player Amount % Correct
Passing Yards 3 Brady Cook 9,251
92%
Passing Yards 7 Blaine Gabbert 6,822
83%
Receiving Yards 6 Luther Burden III 2,263
75%
Passing Yards 1 Chase Daniel 12,515
67%
Passing Yards 2 Drew Lock 12,193
67%
Sacks T9 Aldon Smith 17.0
50%
Passing Yards 4 Brad Smith 8,799
50%
Rushing Yards 1 Brad Smith 4,289
50%
Sacks 1 Brian Smith 31.5
50%
Passing Yards 5 James Franklin 6,962
50%
Receiving Yards 5 Jeremy Maclin 2,315
50%
Sacks T2 Justin Smith 22.5
50%
Sacks T5 Michael Sam 18.5
50%
Receiving Yards 9 William Franklin 2,125
42%
Receiving Yards 3 Chase Coffman 2,659
33%
Rushing Yards 6 Henry Josey 2,771
33%
Sacks T5 Shane Ray 18.5
33%
Rushing Yards 7 Tyler Badie 2,740
33%
Passing Yards 10 Connor Bazelak 5,058
25%
Receiving Yards 1 Danario Alexander 2,778
25%
Tackles 4 Jamonte Robinson 391
25%
Receiving Yards 4 J'Mon Moore 2,477
25%
Receiving Yards 7 Johnathon Johnson 2,190
25%
Receiving Yards 8 Martin Rucker 2,175
25%
Rushing Yards 9 Tony Temple 2,552
25%
Interceptions T5 William Moore 11
25%
Sacks T5 Johnny Walker Jr. 18.5
17%
Receiving Yards 2 Justin Gage 2,704
17%
Tackles T8 Kentrell Brothers 358
17%
Rushing Yards 2 Larry Rountree III 3,720
17%
Interceptions T7 Roger Wehrli 10
17%
Interceptions T7 Aarion Penton 10
8%
Interceptions 1 Adrian Jones 15
8%
Sacks T9 Antwaun Bynum 17.0
8%
Tackles 7 Barry Odom 362
8%
Interceptions T2 Bill Whitaker 14
8%
Sacks T9 Bobby Bell 17.0
8%
Rushing Yards 4 Brock Olivo 3,026
8%
Sacks T9 Charles Harris 17.0
8%
Rushing Yards 10 Corby Jones 2,533
8%
Rushing Yards 8 Darrell Wallace 2,607
8%
Tackles 6 Darren McDonald 375
8%
Tackles 10 Darryl Major 346
8%
Tackles 2 DeMontie Cross 415
8%
Rushing Yards 5 Devin West 2,954
8%
Interceptions T5 Eric Wright 11
8%
Interceptions 4 Erik McMillan 13
8%
Interceptions T7 Harold Piersey 10
8%
Tackles 1 James Kinney 434
8%
Passing Yards 6 Jeff Handy 6,959
8%
Interceptions T2 Ken Boston 14
8%
Interceptions T7 Kevin McIntosh 10
8%
Sacks 4 Lorenzo Williams 19.0
8%
Passing Yards 9 Marlon Adler 5,231
8%
Passing Yards 8 Phil Bradley 5,352
8%
Sacks 8 Rick Lyle 18.0
8%
Tackles T8 Sean Doyle 358
8%
Tackles 3 Sean Witherspoon 413
8%
Sacks T9 Steve Martin 17.0
8%
Sacks T2 Stryker Sulak 22.5
8%
Tackles 5 Travis McDonad 386
8%
Receiving Yards 10 Victor Bailey 2,116
8%
Rushing Yards 3 Zack Abron 3,198
8%
No matching quizzes found
Score Distribution
Percent of People with Each Score
Percentile by Number Answered
Your Score History
You have not taken this quiz